A Meaningless Quiz - Statistics

General Stats
  • This quiz has been taken 96 times
  • The average score is 8 of 16
Answers on the Grid
Answers color-coded by a green-red scale on the quiz's grid according to % correct below.
Smaller
Inferior
Below
Subsidiary
Auxiliary
Secondary
Minor
Lacking
Underdog
Minute
Reduced
Decreased
Slave
Submissive
Ancillary
Appurtenant
Stubborn
Sincere
Rhetorical
Gregarious
Exuberant
Withal
Sublime
Vanquish
Superlative
Valedictory
Fortuitous
Exacerbate
Prolific
Adroit
Aglet
Scrupulous
 
Answer Stats
Answer % Correct
Minor
73%
Smaller
71%
Reduced
65%
Below
63%
Decreased
61%
Lacking
59%
Submissive
59%
Secondary
57%
Slave
57%
Underdog
57%
Inferior
55%
Subsidiary
49%
Minute
43%
Auxiliary
29%
Ancillary
12%
Appurtenant
6%
No matching quizzes found
Score Distribution
Percent of People with Each Score
Percentile by Number Answered
Your Score History
You have not taken this quiz